[Event "VII Arcymistrzowski Turniej Kolowy Kobiet im. Krystyny Holuj-Radzikowskiej"]
[Site "Wroclaw"]
[Date "1899-12-30"]
[Round "6.3"]
[White "Zawadzka, Jolanta"]
[Black "Majdan, Joanna"]
[Result "1-0"]
[WhiteTitle "WGM"]
[BlackTitle "WGM"]
[WhiteElo "2428"]
[BlackElo "2349"]

1. e4 c5 2. Nf3 Nc6 3. d4 cxd4 4. Nxd4 e5 5. Nb5 d6 6. c4 Be7 7. N1c3 a6 8. Na3
Be6 9. Nc2 Nf6 10. Be2 O-O 11. O-O Rc8 12. Be3 Na5 13. b3 b5 14. Nd5 Bxd5 15.
exd5 bxc4 16. b4 Nb7 17. Na3 a5 18. Nxc4 axb4 19. Rb1 Nc5 20. Rxb4 Nfd7 21. Qb1
f5 22. f3 Kh8 23. a4 Ra8 24. a5 Bg5 25. Bf2 Qc7 26. Rb5 e4 27. Nb6 e3 28. Be1
Nxb6 29. axb6 Qb7 30. f4 Bd8 31. Bb4 Ne4 32. Rc1 Ra6 33. Ba5 Ra8 34. Rc6 Re8 35.
Qc2 Kg8 36. g3 g6 37. Kg2 h5 38. Bb4 Qd7 39. b7 Rb8 40. Rc8 Rxb7 41. Qc6 Ra7 42.
Rbb8 Kf7 43. Qxd7+ Rxd7 44. Bb5 Ke7 45. Bxd7 Kxd7 46. Rc6 Re7 47. Kf3 Bc7 48.
Ra8 e2 49. Ra7 Kc8 50. Kxe2 Kb8 51. Raxc7 Rxc7 52. Bxd6 Nxd6 53. Rxd6 Rc2+ 54.
Kd3 Rxh2 55. Rxg6 h4 56. gxh4 Rxh4 57. Ke3 Kc7 58. Rf6 Rh1 59. Kd4 Re1 60. Rxf5
Kd6 61. Re5 Rd1+ 62. Ke4 Re1+ 63. Kf5 Rf1 64. Re8 1-0

[Event "VII Arcymistrzowski Turniej Kolowy Kobiet im. Krystyny Holuj-Radzikowskiej"]
[Site "Wroclaw"]
[Date "1899-12-30"]
[Round "6.4"]
[White "Kulon, Klaudia"]
[Black "Atalik, Ekaterina"]
[Result "0-1"]
[WhiteTitle "WGM"]
[BlackTitle "IM"]
[WhiteElo "2352"]
[BlackElo "2463"]

1. c4 Nf6 2. g3 e6 3. Bg2 d5 4. cxd5 exd5 5. d4 c6 6. Nc3 Bd6 7. Nf3 Nbd7 8. O-O
O-O 9. Nd2 Nb6 10. e4 dxe4 11. Ndxe4 Nxe4 12. Bxe4 Be6 13. d5 cxd5 14. Nxd5 Bxg3
15. Nf6+ Qxf6 16. fxg3 Qe7 17. Qf3 Rad8 18. Re1 Rd7 19. b3 Rfd8 20. Be3 Nc8 21.
Rac1 Nd6 22. Bb1 b6 23. Qh5 g6 24. Qe5 f6 25. Qb2 Qf7 26. Bd3 Nf5 27. Bb5 Rd5
28. Bc6 Nxe3 29. Rxe3 Rd1+ 30. Rxd1 Rxd1+ 31. Kf2 Rd6 32. Bb5 Kg7 33. Qe2 h5 34.
Qe1 Kh6 35. h4 Bg4 36. Bc4 Qd7 37. Qc1 Rd1 38. Qa3 Qf5+ 39. Kg2 Bh3+ 40. Kh2 Qf2+
41. Kxh3 Rh1# 0-1

[Event "VII Arcymistrzowski Turniej Kolowy Kobiet im. Krystyny Holuj-Radzikowskiej"]
[Site "Wroclaw"]
[Date "1899-12-30"]
[Round "6.5"]
[White "Socko, Monika"]
[Black "Javakhishvili, Lela"]
[Result "1-0"]
[WhiteTitle "GM"]
[BlackTitle "IM"]
[WhiteElo "2476"]
[BlackElo "2438"]

1. d4 Nf6 2. c4 e6 3. Nf3 d5 4. Nc3 Be7 5. Bf4 O-O 6. Rc1 c5 7. dxc5 dxc4 8. Bd6
Nbd7 9. Qd4 b6 10. Bxe7 Qxe7 11. c6 Nc5 12. Qxc4 a5 13. g3 Ba6 14. Qh4 Rac8 15.
Bg2 Rxc6 16. O-O Rcc8 17. Ne5 Bb7 18. Ng4 Bxg2 19. Nxf6+ Qxf6 20. Qxf6 gxf6 21.
Kxg2 Rfd8 22. Rfd1 f5 23. f3 Kg7 24. Kf2 Kf6 25. Ke3 Ke5 26. b3 h5 27. Rxd8 Rxd8
28. Nd1 Rd5 29. Nb2 b5 30. Nd3+ Nxd3 31. exd3 Kd6 32. d4 Kd7 33. h4 f6 34. Rc5
f4+ 35. Kxf4 Rxd4+ 36. Ke3 Rb4 37. Rxh5 a4 38. bxa4 Rxa4 39. Rxb5 Ra3+ 40. Rb3
Rxa2 41. Rb7+ Kd6 42. g4 Rh2 43. h5 e5 44. Ke4 Rh3 45. Rb3 Ke6 46. Ra3 Rg3 47.
h6 Rh3 48. h7 f5+ 49. gxf5+ Kf6 50. f4 Rh4 51. h8=Q+ 1-0

[Event "VII Arcymistrzowski Turniej Kolowy Kobiet im. Krystyny Holuj-Radzikowskiej"]
[Site "Wroclaw"]
[Date "1899-12-30"]
[Round "7.1"]
[White "Javakhishvili, Lela"]
[Black "Mkrtchian, Lilit"]
[Result "1/2-1/2"]
[WhiteTitle "IM"]
[BlackTitle "IM"]
[WhiteElo "2438"]
[BlackElo "2390"]

1. d4 Nf6 2. c4 e6 3. Nf3 d5 4. g3 Be7 5. Bg2 O-O 6. O-O dxc4 7. Ne5 Nc6 8. Bxc6
bxc6 9. Nxc6 Qe8 10. Nxe7+ Qxe7 11. Qa4 c5 12. Qxc4 cxd4 13. Qxd4 e5 14. Qh4 Qb7
15. Nc3 Be6 16. Bg5 Nd5 17. Nxd5 Qxd5 18. b3 f6 19. Be3 Qb5 20. Rfe1 Rfc8 21.
f3 a5 22. Kf2 a4 23. Qe4 axb3 24. axb3 Rxa1 25. Rxa1 Qxb3 26. Rc1 Rxc1 27. Bxc1
Qd5 28. Qxd5 Bxd5 29. e4 Be6 30. f4 exf4 31. Bxf4 Kf7 1/2-1/2

[Event "VII Arcymistrzowski Turniej Kolowy Kobiet im. Krystyny Holuj-Radzikowskiej"]
[Site "Wroclaw"]
[Date "1899-12-30"]
[Round "7.2"]
[White "Atalik, Ekaterina"]
[Black "Socko, Monika"]
[Result "1/2-1/2"]
[WhiteTitle "IM"]
[BlackTitle "GM"]
[WhiteElo "2463"]
[BlackElo "2476"]

1. d4 Nf6 2. Nf3 e6 3. c4 b6 4. g3 Bb7 5. Bg2 c5 6. Nc3 cxd4 7. Qxd4 Nc6 8. Qf4
Be7 9. O-O O-O 10. b3 Qb8 11. Qxb8 Raxb8 12. Bf4 Rbd8 13. Rfd1 d5 14. cxd5 Nxd5
15. Nxd5 exd5 16. Ne5 Bf6 17. Nxc6 Bxc6 18. Rac1 Bb5 19. Bc7 Rc8 20. Bh3 Bxe2
21. Re1 Rce8 22. Bd6 Bb2 23. Bxf8 Bxc1 24. Bb4 a5 25. Bxa5 bxa5 26. Rxc1 d4 27.
Bf1 Kf8 28. Bxe2 Rxe2 29. Rd1 Rxa2 30. Rxd4 g6 31. Kg2 1/2-1/2

[Event "VII Arcymistrzowski Turniej Kolowy Kobiet im. Krystyny Holuj-Radzikowskiej"]
[Site "Wroclaw"]
[Date "1899-12-30"]
[Round "7.3"]
[White "Majdan, Joanna"]
[Black "Kulon, Klaudia"]
[Result "1/2-1/2"]
[WhiteTitle "WGM"]
[BlackTitle "WGM"]
[WhiteElo "2349"]
[BlackElo "2352"]

1. e4 e5 2. Nf3 Nc6 3. Bc4 Bc5 4. c3 Nf6 5. d3 d6 6. Bb3 a6 7. Nbd2 Ba7 8. Nf1
Ne7 9. Ng3 c5 10. Bg5 Ng4 11. O-O h6 12. Bc1 Ng6 13. h3 Nf6 14. d4 O-O 15. Be3
Qc7 16. Qd2 Kh7 17. Bc2 b5 18. a4 b4 19. Rfd1 Be6 20. Nf5 b3 21. Bb1 Bxf5 22.
exf5 Ne7 23. dxe5 dxe5 24. Qd6 Qxd6 25. Rxd6 Rad8 26. Rxd8 Rxd8 27. Nd2 Ned5 28.
Nxb3 Nxe3 29. fxe3 c4 30. Na5 Rd1+ 31. Kf2 Ne4+ 32. Ke2 Rd2+ 33. Ke1 Rxg2 34.
Kf1 Rf2+ 35. Ke1 Rg2 36. Kf1 Rf2+ 37. Ke1 1/2-1/2

[Event "VII Arcymistrzowski Turniej Kolowy Kobiet im. Krystyny Holuj-Radzikowskiej"]
[Site "Wroclaw"]
[Date "1899-12-30"]
[Round "7.4"]
[White "Shvayger, Yuliya"]
[Black "Zawadzka, Jolanta"]
[Result "0-1"]
[WhiteTitle "IM"]
[BlackTitle "WGM"]
[WhiteElo "2440"]
[BlackElo "2428"]

1. e4 e5 2. Nf3 Nc6 3. Nc3 Nf6 4. Bb5 Bc5 5. O-O O-O 6. Nxe5 Nxe5 7. d4 Bd6 8.
f4 Nc6 9. e5 Be7 10. exf6 Bxf6 11. d5 Nb4 12. d6 c6 13. Be2 Re8 14. Bf3 b6 15.
a3 Bxc3 16. bxc3 Nd5 17. c4 Nc3 18. Qd4 Na4 19. f5 Ba6 20. Bf4 Qh4 21. g3 Qf6
22. Qxf6 gxf6 23. Bh6 Bxc4 24. Rfd1 b5 25. Rd4 Kh8 26. Rg4 Rg8 27. Rxg8+ Kxg8
28. Re1 Nb6 29. Re4 Kh8 30. Re7 Rd8 31. Bh5 Kg8 32. Re4 Kh8 33. Re7 Kg8 34. Re4
Kh8 35. Bd2 Bd5 36. Re1 Nc4 37. Bb4 Kg7 38. Re7 a5 39. Bc5 b4 40. a4 Ne5 41. Bb6
Rb8 42. Bd4 Rb7 43. Kf2 Nc4 44. Bc5 Nb2 45. Be2 Nxa4 46. Ba6 Nxc5 47. Bxb7 Nxb7
48. Rxd7 Nc5 49. Re7 Kf8 50. Ke3 Ne4 51. Rd7 Nxd6 52. Rd8+ Ke7 53. Ra8 Nxf5+ 54.
Kd3 Nd6 55. Rxa5 Be4+ 0-1

[Event "VII Arcymistrzowski Turniej Kolowy Kobiet im. Krystyny Holuj-Radzikowskiej"]
[Site "Wroclaw"]
[Date "1899-12-30"]
[Round "7.5"]
[White "Bulmaga, Irina"]
[Black "Szczepkowska, Karina"]
[Result "1/2-1/2"]
[WhiteTitle "IM"]
[BlackTitle "IM"]
[WhiteElo "2420"]
[BlackElo "2406"]

1. e4 e5 2. Nf3 Nc6 3. Bc4 Nf6 4. d3 Be7 5. O-O O-O 6. Re1 d6 7. a4 Na5 8. Ba2
c5 9. c3 Nc6 10. Na3 h6 11. Nc4 Be6 12. Bd2 Qd7 13. b4 cxb4 14. cxb4 Bd8 15. b5
Ne7 16. d4 exd4 17. Nxd6 Bxa2 18. Rxa2 Qxd6 19. e5 Qd5 20. exf6 Qxa2 21. fxe7
Re8 22. exd8=Q Rexd8 23. h3 a6 24. b6 a5 25. Re5 d3 26. Rxa5 Rxa5 27. Bxa5 Qc2
28. Qa1 Ra8 29. Bd2 Rxa4 30. Qe5 Qc6 31. Nd4 Qd7 32. Nf3 Qc6 33. Be3 Re4 34. Qb8+
Re8 35. Qg3 Rd8 36. Kh2 Kf8 37. Qf4 Kg8 38. Nd2 Qd5 39. Qc7 f5 40. h4 Rf8 41.
Nf3 Rf7 42. Qf4 Re7 43. Qb8+ Kh7 44. Qc8 Re4 45. Qf8 Rc4 46. Qe7 Re4 47. Qf8 Rc4
48. Qe7 Re4 49. Qc7 Rc4 50. Qb8 Re4 51. Qc7 Rc4 52. Qb8 Re4 1/2-1/2

[Event "VII Arcymistrzowski Turniej Kolowy Kobiet im. Krystyny Holuj-Radzikowskiej"]
[Site "Wroclaw"]
[Date "1899-12-30"]
[Round "8.1"]
[White "Mkrtchian, Lilit"]
[Black "Szczepkowska, Karina"]
[Result "1/2-1/2"]
[WhiteTitle "IM"]
[BlackTitle "IM"]
[WhiteElo "2390"]
[BlackElo "2406"]

1. Nf3 g6 2. e4 d6 3. d4 Nf6 4. Nc3 Bg7 5. Be3 O-O 6. Qd2 c6 7. Bh6 b5 8. Bxg7
Kxg7 9. Bd3 Bg4 10. a4 b4 11. Ne2 a5 12. Ng3 Nbd7 13. Ng5 e5 14. h3 Be6 15. Nxe6+
fxe6 16. dxe5 dxe5 17. Qe3 Qe7 18. Nf1 Nc5 19. Nd2 Qd6 20. Nf3 Rad8 21. O-O Nxd3
22. Rfd1 Qc5 23. cxd3 Qxe3 24. fxe3 Nd7 25. d4 Kf6 26. Rac1 Rc8 27. dxe5+ Nxe5
28. Rc5 Nxf3+ 29. gxf3 Rfd8 30. e5+ Ke7 31. Rxd8 Rxd8 32. Rxc6 Rd2 33. b3 Rd3
34. Kf2 Rxb3 35. Rc5 Rb2+ 36. Kg3 g5 37. Rxa5 Kf7 38. Rb5 Kg6 39. e4 h5 40. h4
Rb3 41. Rb6 g4 42. Rxe6+ Kg7 43. Re7+ Kg6 44. Re6+ Kg7 45. Re7+ 1/2-1/2

[Event "VII Arcymistrzowski Turniej Kolowy Kobiet im. Krystyny Holuj-Radzikowskiej"]
[Site "Wroclaw"]
[Date "1899-12-30"]
[Round "8.2"]
[White "Zawadzka, Jolanta"]
[Black "Bulmaga, Irina"]
[Result "1-0"]
[WhiteTitle "WGM"]
[BlackTitle "IM"]
[WhiteElo "2428"]
[BlackElo "2420"]

1. e4 c5 2. Nf3 e6 3. d4 cxd4 4. Nxd4 Nc6 5. Nc3 Qc7 6. Be3 a6 7. Qd2 Nf6 8. f3
Be7 9. O-O-O b5 10. Nxc6 Qxc6 11. g4 b4 12. Ne2 Bb7 13. g5 Nh5 14. Bh3 Rc8 15.
Kb1 g6 16. Bg4 Rd8 17. Bxh5 gxh5 18. Nf4 Qb5 19. Nxh5 Rg8 20. Bd4 e5 21. Be3 d5
22. exd5 Bxd5 23. Qf2 Qc6 24. Rhf1 Qg6 25. Nf6+ Bxf6 26. gxf6 Qxf6 27. Bc5 Qe6
28. b3 a5 29. Bb6 Rc8 30. Bxa5 Qc6 31. Bxb4 Rg6 32. Rd2 Be6 33. Qe2 Qb7 34. Ba3
Rg5 35. Qd3 Rg6 36. Qd6 Rg8 37. Rfd1 1-0

[Event "VII Arcymistrzowski Turniej Kolowy Kobiet im. Krystyny Holuj-Radzikowskiej"]
[Site "Wroclaw"]
[Date "1899-12-30"]
[Round "8.3"]
[White "Kulon, Klaudia"]
[Black "Shvayger, Yuliya"]
[Result "1-0"]
[WhiteTitle "WGM"]
[BlackTitle "IM"]
[WhiteElo "2352"]
[BlackElo "2440"]

1. e4 c5 2. b3 g6 3. Bb2 Nf6 4. g3 Bg7 5. Bg2 O-O 6. Ne2 Nc6 7. O-O d5 8. exd5
Nxd5 9. Bxg7 Kxg7 10. d4 cxd4 11. Nxd4 Ndb4 12. Nxc6 Nxc6 13. c4 Qxd1 14. Rxd1
Bg4 15. Re1 Nd4 16. Na3 Nf3+ 17. Bxf3 Bxf3 18. Rxe7 Rfd8 19. Nb5 Rd2 20. c5 Kf8
21. Rc7 Re8 22. Nd6 Re7 23. Rxe7 Kxe7 24. Nc8+ Ke6 25. Nxa7 Kd5 26. b4 g5 27.
a3 Kc4 28. Rc1+ Kb3 29. Nb5 g4 30. Nd6 Bd5 31. b5 Kb2 32. Re1 Kxa3 33. c6 bxc6
34. bxc6 Rc2 35. c7 1-0

[Event "VII Arcymistrzowski Turniej Kolowy Kobiet im. Krystyny Holuj-Radzikowskiej"]
[Site "Wroclaw"]
[Date "1899-12-30"]
[Round "8.4"]
[White "Socko, Monika"]
[Black "Majdan, Joanna"]
[Result "1-0"]
[WhiteTitle "GM"]
[BlackTitle "WGM"]
[WhiteElo "2476"]
[BlackElo "2349"]

1. e4 c5 2. Nf3 d6 3. Bb5+ Nd7 4. O-O Ngf6 5. Re1 a6 6. Bd3 e5 7. c3 Be7 8. Bc2
h6 9. d4 g5 10. dxe5 dxe5 11. Nbd2 Qc7 12. Nc4 b6 13. Ne3 Bb7 14. Nf5 Bf8 15.
Nd2 O-O-O 16. Nc4 Nb8 17. Qf3 b5 18. Nce3 c4 19. a4 Nbd7 20. axb5 axb5 21. Nd5
Nxd5 22. exd5 Nf6 23. Be3 g4 24. Qe2 Rxd5 25. Ng3 Rg8 26. Bf5+ Kd8 27. Ne4 Be7
28. Nxf6 Bxf6 29. Be4 Rd7 30. Ra7 Qc8 31. Rd1 Ke8 32. Rxd7 Bxe4 33. Rxf7 Qc6 34.
Qd1 Bd3 35. Qa1 Bg6 36. Rfc7 1-0

[Event "VII Arcymistrzowski Turniej Kolowy Kobiet im. Krystyny Holuj-Radzikowskiej"]
[Site "Wroclaw"]
[Date "1899-12-30"]
[Round "8.5"]
[White "Javakhishvili, Lela"]
[Black "Atalik, Ekaterina"]
[Result "1/2-1/2"]
[WhiteTitle "IM"]
[BlackTitle "IM"]
[WhiteElo "2438"]
[BlackElo "2463"]

1. Nf3 Nf6 2. c4 e6 3. g3 d5 4. Bg2 dxc4 5. O-O Nbd7 6. Qc2 Nb6 7. a4 a5 8. Na3
Bxa3 9. Rxa3 O-O 10. d3 cxd3 11. Rxd3 Nbd5 12. Rdd1 Qe7 13. b3 b6 14. Bb2 h6 15.
Ne5 Bb7 16. Nc6 Bxc6 17. Qxc6 Rac8 18. Rd4 Nb4 19. Qb7 Rfd8 20. Rxd8+ Rxd8 21.
Rc1 Ne8 22. Be5 Qd7 23. Bf4 Na2 24. Re1 Qe7 25. Qe4 Qb4 26. Qxb4 Nxb4 27. Rc1
c5 28. h4 f6 29. g4 e5 30. Bg3 Nc7 31. g5 hxg5 32. hxg5 Ne6 33. gxf6 gxf6 34.
e3 Kf7 35. Be4 Ng5 36. Bf5 Rd2 37. Kf1 Nd5 38. Rc2 Rxc2 39. Bxc2 Ke6 40. Bd3 Nf7
41. Ke2 Nd6 42. Bh7 Ne7 43. Bc2 f5 44. Bh4 Nc6 45. Kd2 e4 46. Bd1 Ne5 47. Kc3
Kd5 48. Be2 Kc6 49. Bg3 Kd5 50. Bh4 Ng4 51. Bg3 Kc6 52. Bf1 b5 53. axb5+ Nxb5+
54. Kb2 Nc7 55. Kc3 Nd5+ 56. Kd2 Nb6 57. Kc3 a4 58. bxa4 Nxa4+ 59. Kb3 Nb6 60.
Ba6 Nf6 61. Bh4 Nfd5 62. Be2 Nc8 63. Bg5 Nd6 64. Bh4 Nb6 65. Bd8 c4+ 66. Kc3 Nd5+
67. Kd4 c3 68. Ba5 c2 69. Bd2 Nb4 70. Kc3 Kc5 71. Kb3 Nd3 72. Bxd3 exd3 73. Kc3
Ne4+ 1/2-1/2

[Event "VII Arcymistrzowski Turniej Kolowy Kobiet im. Krystyny Holuj-Radzikowskiej"]
[Site "Wroclaw"]
[Date "1899-12-30"]
[Round "9.1"]
[White "Atalik, Ekaterina"]
[Black "Mkrtchian, Lilit"]
[Result "1-0"]
[WhiteTitle "IM"]
[BlackTitle "IM"]
[WhiteElo "2463"]
[BlackElo "2390"]

1. d4 Nf6 2. c4 e6 3. Nf3 b6 4. Bf4 Bb7 5. e3 Be7 6. Nc3 Nh5 7. Bd3 d6 8. Bg3 Nd7
9. Qc2 g6 10. O-O-O f5 11. h3 Nxg3 12. fxg3 Nf6 13. g4 fxg4 14. Ng5 Qd7 15. hxg4
Rg8 16. Nxh7 Nxg4 17. Bxg6+ Kd8 18. Rh3 c6 19. Rf1 Kc7 20. Qe4 e5 21. Bf5 d5 22.
Qf3 e4 23. Qf4+ Bd6 24. Bxd7 Bxf4 25. Bxg4 1-0

[Event "VII Arcymistrzowski Turniej Kolowy Kobiet im. Krystyny Holuj-Radzikowskiej"]
[Site "Wroclaw"]
[Date "1899-12-30"]
[Round "9.2"]
[White "Majdan, Joanna"]
[Black "Javakhishvili, Lela"]
[Result "1-0"]
[WhiteTitle "WGM"]
[BlackTitle "IM"]
[WhiteElo "2349"]
[BlackElo "2438"]

1. e4 g6 2. d4 Bg7 3. Nc3 d6 4. Be3 a6 5. a4 Nf6 6. h3 Nc6 7. d5 Nb4 8. a5 O-O
9. Nb1 Nfxd5 10. exd5 Bf5 11. Bd3 Bxd3 12. cxd3 Bxb2 13. Ra4 Nxd5 14. Qb3 Nxe3
15. Qxb2 Qd7 16. Nc3 Nf5 17. Nf3 d5 18. Rb4 Qe6+ 19. Ne2 Nd6 20. O-O c6 21. Nf4
Qf5 22. Re1 Rfe8 23. Ne5 Qf6 24. Qc1 Nb5 25. d4 Qd6 26. Nfd3 Qc7 27. Ra4 Rad8
28. Qh6 Nd6 29. Nc5 Qc8 30. g4 Rf8 31. Nf3 Ne8 32. Ng5 Nf6 33. Rxe7 Rde8 34. Nd7
1-0

[Event "VII Arcymistrzowski Turniej Kolowy Kobiet im. Krystyny Holuj-Radzikowskiej"]
[Site "Wroclaw"]
[Date "1899-12-30"]
[Round "9.3"]
[White "Shvayger, Yuliya"]
[Black "Socko, Monika"]
[Result "1-0"]
[WhiteTitle "IM"]
[BlackTitle "GM"]
[WhiteElo "2440"]
[BlackElo "2476"]

1. e4 c6 2. d4 d5 3. exd5 cxd5 4. c4 Nf6 5. Nc3 e6 6. Nf3 Bb4 7. cxd5 Nxd5 8. Qc2
Nc6 9. a3 Be7 10. Bd3 h6 11. O-O O-O 12. Be3 Nxe3 13. fxe3 Bd7 14. Qe2 Qa5 15.
b4 Qh5 16. Bc2 Rad8 17. Qd3 f5 18. Bb3 Kh8 19. Qe2 Bf6 20. Ne5 Qe8 21. Nxd7 Rxd7
22. Kh1 Rd8 23. Rad1 Bg5 24. Na4 b6 25. Nc3 Ne7 26. e4 Qc6 27. Rf3 fxe4 28. Nxe4
Bf4 29. Nf2 Nd5 30. Qe4 Rc8 31. Nh3 Bd6 32. Ng5 Rf5 33. Rxf5 hxg5 34. Qxe6 Nf4
35. Rxf4 Bxf4 36. Qh3+ 1-0

[Event "VII Arcymistrzowski Turniej Kolowy Kobiet im. Krystyny Holuj-Radzikowskiej"]
[Site "Wroclaw"]
[Date "1899-12-30"]
[Round "9.4"]
[White "Bulmaga, Irina"]
[Black "Kulon, Klaudia"]
[Result "0-1"]
[WhiteTitle "IM"]
[BlackTitle "WGM"]
[WhiteElo "2420"]
[BlackElo "2352"]

1. e4 d5 2. exd5 Nf6 3. Nf3 Bg4 4. Bb5+ Nbd7 5. h3 Bh5 6. d4 a6 7. Be2 b5 8. a4
b4 9. O-O Nxd5 10. a5 e6 11. c4 bxc3 12. bxc3 Be7 13. Bd2 c5 14. c4 N5f6 15. Be3
cxd4 16. Bxd4 O-O 17. Nbd2 Qc7 18. Re1 Rfd8 19. Bc3 Bc5 20. Qc1 Bg6 21. Bd4 Rab8
22. Bf1 Bxd4 23. Nxd4 Nc5 24. N4f3 Bd3 25. Qc3 Bxf1 26. Nxf1 Nfe4 27. Qc2 f5 28.
N1d2 Nd3 29. Nxe4 Nxe1 30. Rxe1 fxe4 31. Qxe4 Qxa5 32. Qxe6+ Kh8 33. c5 Qxc5 34.
Ne5 Rf8 35. Nf7+ Rxf7 36. Qxf7 Qf8 37. Qa2 Qb4 38. Ra1 Rb6 39. Rc1 Qf8 40. Rc7
h6 41. Qc2 Rb8 42. Qg6 a5 43. Rf7 Qg8 44. Rf4 Qe8 45. Rf7 Qe5 46. f4 Qd4+ 47.
Kh2 a4 48. Qf5 Qd6 49. Rd7 Rf8 50. Rf7 Rxf7 51. Qxf7 a3 52. h4 Qf6 53. Qe8+ Kh7
54. Qe4+ Qg6 55. Qa4 Qd3 56. h5 Qe3 57. Qc4 Qe7 58. Qc2+ Kg8 59. Qc8+ Qf8 60.
Qc4+ Kh8 61. Qa4 Qe7 62. Qa8+ Kh7 63. Qa4 Kg8 64. Qc4+ Qf7 65. Qc8+ Kh7 66. Qc2+
Kh8 67. Qc8+ Qg8 68. Qa6 a2 69. Qa4 Qe6 70. Qa8+ Kh7 71. Qa4 Qd5 72. Kg3 Qd3+
73. Kg4 Qb1 0-1

[Event "VII Arcymistrzowski Turniej Kolowy Kobiet im. Krystyny Holuj-Radzikowskiej"]
[Site "Wroclaw"]
[Date "1899-12-30"]
[Round "9.5"]
[White "Szczepkowska, Karina"]
[Black "Zawadzka, Jolanta"]
[Result "1/2-1/2"]
[WhiteTitle "IM"]
[BlackTitle "WGM"]
[WhiteElo "2406"]
[BlackElo "2428"]

1. d4 d5 2. c4 e6 3. Nf3 Nf6 4. Nc3 Bb4 5. e3 c5 6. Bd3 O-O 7. O-O dxc4 8. Bxc4
cxd4 9. exd4 b6 10. Bg5 Bb7 11. Qe2 Nbd7 12. Rac1 Rc8 13. Ne5 h6 14. Nxd7 Qxd7
15. Bxf6 gxf6 16. d5 exd5 17. Bxd5 Bxc3 18. Bxb7 Qxb7 19. bxc3 Rfe8 20. Qg4+ Kh7
21. Qf5+ Kg7 22. Qg4+ Kh7 23. Qf5+ Kg7 24. Qg4+ Kh7 25. Qf5+ 1/2-1/2